|
|
|
|
| LEADER |
02320nam a22004093i 4500 |
| 001 |
EBC6734088 |
| 003 |
MiAaPQ |
| 005 |
20231204023218.0 |
| 006 |
m o d | |
| 007 |
cr cnu|||||||| |
| 008 |
231204s2020 xx o ||||0 eng d |
| 020 |
|
|
|a 9782759232543
|q (electronic bk.)
|
| 035 |
|
|
|a (MiAaPQ)EBC6734088
|
| 035 |
|
|
|a (Au-PeEL)EBL6734088
|
| 035 |
|
|
|a (OCoLC)1281988708
|
| 040 |
|
|
|a MiAaPQ
|b eng
|e rda
|e pn
|c MiAaPQ
|d MiAaPQ
|
| 100 |
1 |
|
|a Desrousseaux, Maylis.
|
| 245 |
1 |
0 |
|a Artificialized Land and Land Take :
|b Drivers, Impacts and Potential Responses.
|
| 264 |
|
1 |
|a Versailles :
|b Quae,
|c 2020.
|
| 264 |
|
4 |
|c ©2023.
|
| 300 |
|
|
|a 1 online resource (190 pages)
|
| 336 |
|
|
|a text
|b txt
|2 rdacontent
|
| 337 |
|
|
|a computer
|b c
|2 rdamedia
|
| 338 |
|
|
|a online resource
|b cr
|2 rdacarrier
|
| 490 |
1 |
|
|a Matière à débattre et Décider Series
|
| 505 |
0 |
|
|a Intro -- Table des matières -- Artificialized land and land take -- Foreword -- 'Land Take', an ambiguous scientific concept -- - Methods of measuring the extent of land take in France -- - The impacts of land take on the characteristics and properties of soils -- - The direct and indirect impacts of land take on the characteristics and functioning of artificialized environments -- - Agricultural land, agricultural activities, and land take -- - Household location strategies and housing construction -- - Determinants of land take by enterprises and transport infrastructure -- - Avoiding or reducing land take, or possibly compensating for its effects -- Bibliography -- List of Authors.
|
| 588 |
|
|
|a Description based on publisher supplied metadata and other sources.
|
| 590 |
|
|
|a Electronic reproduction. Ann Arbor, Michigan : ProQuest Ebook Central, 2023. Available via World Wide Web. Access may be limited to ProQuest Ebook Central affiliated libraries.
|
| 655 |
|
4 |
|a Electronic books.
|
| 700 |
1 |
|
|a Béchet, Béatrice.
|
| 700 |
1 |
|
|a Le Bissonnais, Yves.
|
| 700 |
1 |
|
|a Ruas, Anne.
|
| 700 |
1 |
|
|a Schmitt, Bertrand.
|
| 776 |
0 |
8 |
|i Print version:
|a Desrousseaux, Maylis
|t Artificialized Land and Land Take
|d Versailles : Quae,c2020
|
| 797 |
2 |
|
|a ProQuest (Firm)
|
| 830 |
|
0 |
|a Matière à débattre et Décider Series
|
| 856 |
4 |
0 |
|u https://ebookcentral.proquest.com/lib/matrademy/detail.action?docID=6734088
|z Click to View
|